Los impostores (Registro nro. 302280)
[ vista simple ]
| 000 -ENCABEZADO | |
|---|---|
| Número de control [NR] | 00861cam a2200277 a 4500 |
| 005 - FECHA Y HORA DE LA ÚLTIMA TRANSACCIÓN | |
| control field | 20151209124008.0 |
| 008 - DE LONGITUD FIJA DE DATOS DE ELEMENTOS - INFORMACIÓN GENERAL | |
| Elementos de longitud fija [NR] | 1512 s2002 ck fr 001 f spa d |
| 020 ## - NUMERO INTERNACIONAL NORMALIZADO PARA LIBROS [R] | |
| Número Internacional Normalizado del libro [NR] | 9789584217554 |
| 020 ## - NUMERO INTERNACIONAL NORMALIZADO PARA LIBROS [R] | |
| Número Internacional Normalizado del libro [NR] | 9584203118 |
| 020 ## - NUMERO INTERNACIONAL NORMALIZADO PARA LIBROS [R] | |
| Número Internacional Normalizado del libro [NR] | 9584217550 |
| 040 ## - FUENTE DE CATALOGACION [NR] | |
| Agencia de catalogación original [NR] | CO-BoUMC |
| Quien Cataloga | Saul Niño |
| Quien Clasifica | Saul Niño |
| Idioma de catalogación [NR] | spa |
| 041 0# - CODIGO DE IDIOMA [R] | |
| Código de idioma para texto/pista de sonido o título separado [R] | Español |
| 100 1# - ASIENTO PRINCIPAL--NOMBRE PERSONAL [NR] | |
| Nombre personal [NR] | Gamboa Samper, Santiago |
| Fechas asociadas con el nombre [NR] | 1965- |
| ID Autoridad | 74245 |
| 245 14 - MENCION DE TITULO [NR] | |
| Título [NR] | Los impostores |
| Mención de responsabilidad, etc. [NR] | Santiago Gamboa |
| 260 ## - PUBLICACION, DISTRIBUCION, ETC. (PIE DE IMPRENTA) [R] | |
| Lugar de publicación, distribución, etc. [R] | Bogotá (Colombia) |
| Nombre del editor, distribuidor, etc. [R] | Planeta |
| Fecha de publicación, distribución, etc. [R] | 2002 |
| 300 ## - DESCRIPCION FISICA [R] | |
| Extensión [R] | 351 páginas |
| 490 0# - MENCION DE SERIE [R] | |
| Mención de serie [R] | Letras colombianas de hoy |
| 500 ## - NOTA GENERAL [R] | |
| Nota general [NR] | Incluye índice |
| 650 #7 - ASIENTO SECUNDARIO DE MATERIA - TERMINO TEMATICO [R] | |
| Término temático o nombre geográfico como elemento de entrada [NR] | Literatura colombiana |
| 9 (RLIN) | 18629 |
| 650 #7 - ASIENTO SECUNDARIO DE MATERIA - TERMINO TEMATICO [R] | |
| Término temático o nombre geográfico como elemento de entrada [NR] | Novela colombiana |
| 9 (RLIN) | 20483 |
| 650 #7 - ASIENTO SECUNDARIO DE MATERIA - TERMINO TEMATICO [R] | |
| Término temático o nombre geográfico como elemento de entrada [NR] | Suspenso |
| 9 (RLIN) | 24976 |
| Subdivisión de forma [R] | Novela |
| 650 #7 - ASIENTO SECUNDARIO DE MATERIA - TERMINO TEMATICO [R] | |
| Término temático o nombre geográfico como elemento de entrada [NR] | Humorismo |
| Subdivisión de forma [R] | Novela |
| 9 (RLIN) | 17085 |
| 690 ## - ASUNTO AGREGADO LOCAL DE ENTRADA - TÉRMINO TEMÁTICO (OCLC, RLIN) | |
| 9 (RLIN) | 42859 |
| Acceso temático local | Literatura |
| 942 ## - ELEMENTOS DE ENTRADA AGREGADOS (KOHA) | |
| Sistema de clasificación | DEWEY |
| Tema principal | Literatura |
| Tipo de ítem principal el descrito en 300a | Libro |
| Edición | 1 |
| Clasificación | C 863.4 |
| Parte restante de la signatura top. | G192im |
| Fecha de último préstamo | Total préstamos | Total Renewals | Signatura topográfica | Código de barras | Última vez visto | Ejemplar | Costo de reposición | Price effective from | Tipo de ítem | Perdido | Sistema de clasificación | Dañado | No prestable | Tipo de ítem específico | Suprimido | Ubicación habitual | Ubicación actual | Localización | Fecha de creación | Proveedor | Forma de adquisición | Costo |
|---|---|---|---|---|---|---|---|---|---|---|---|---|---|---|---|---|---|---|---|---|---|---|
| 27/09/2017 | 1 | 3 | C 863.4 G192im | 100148548 | 09/12/2025 | Ej.1 | 26000.00 | 04/12/2015 | Libro | DEWEY | Libro | Claustro | Claustro | 2do piso | 04/12/2015 | 12 | Donación | 0.00 |